<?xml version="1.0" encoding="UTF-8"?>
<record
    xmlns:xsi="http://www.w3.org/2001/XMLSchema-instance"
    xsi:schemaLocation="http://www.loc.gov/MARC21/slim http://www.loc.gov/standards/marcxml/schema/MARC21slim.xsd"
    xmlns="http://www.loc.gov/MARC21/slim">

  <leader>01864naa a2200265 i 4500</leader>
  <controlfield tag="001">1685</controlfield>
  <controlfield tag="003">KOSZ 005</controlfield>
  <controlfield tag="005">20190610114319.0</controlfield>
  <controlfield tag="008">140523s2009    pl     f     |100 0 pol</controlfield>
  <datafield tag="040" ind1=" " ind2=" ">
    <subfield code="c">BPK</subfield>
    <subfield code="d">KOSZ 005/EG</subfield>
  </datafield>
  <datafield tag="041" ind1=" " ind2=" ">
    <subfield code="a">pol</subfield>
    <subfield code="b">eng</subfield>
  </datafield>
  <datafield tag="080" ind1=" " ind2=" ">
    <subfield code="a">621.922/.924</subfield>
  </datafield>
  <datafield tag="100" ind1="1" ind2=" ">
    <subfield code="a">KAP&#x141;ONEK, Wojciech.</subfield>
    <subfield code="d">2008 - .</subfield>
    <subfield code="b">Politechnika Koszali&#x144;ska - Wydzia&#x142; Mechaniczny, </subfield>
    <subfield code="c">Katedra In&#x17C;ynierii Produkcji</subfield>
  </datafield>
  <datafield tag="245" ind1="1" ind2="0">
    <subfield code="a">Zastosowanie systemu pomiarowego Talysurf CLI 2000 do analizy topografii powierzchni narz&#x119;dzi &#x15B;ciernych = </subfield>
    <subfield code="b">Use of Talysurf CLI 2000 system for analysis of surface topography /</subfield>
    <subfield code="c">Wojciech Kap&#x142;onek, Robert Tomkowski.</subfield>
  </datafield>
  <datafield tag="246" ind1="3" ind2="1">
    <subfield code="a">Use of Talysurf CLI 2000 system for analysis of surface topography</subfield>
  </datafield>
  <datafield tag="500" ind1=" " ind2=" ">
    <subfield code="a">Dane z autopsji.</subfield>
  </datafield>
  <datafield tag="520" ind1=" " ind2=" ">
    <subfield code="a">W pracy zaproponowano wykorzystanie systemu pomiarowego Talysurf CLI 2000 firmy Taylor Hobson, do oceny topografii powierzchni narz&#x119;dzi &#x15B;ciernych. Przedstawiono kr&#xF3;tk&#x105; charakterystyk&#x119; urz&#x105;dzenia oraz pokazano przyk&#x142;adowe wyniki pomiar&#xF3;w powierzchni, wykonywanych metod&#x105; konfokaln&#x105; wykorzystuj&#x105;c&#x105; zjawisko aberracji chromatycznej CLA. Analiz&#x119; i wizualizacj&#x119; uzyskanych danych pomiarowych prowadzono z zastosowaniem oprogramowania Taly Map Silver.</subfield>
  </datafield>
  <datafield tag="650" ind1=" " ind2="0">
    <subfield code="a">Szlifowanie - narz&#x119;dzia i maszyny.</subfield>
  </datafield>
  <datafield tag="655" ind1=" " ind2="0">
    <subfield code="a">Materia&#x142;y konferencyjne.</subfield>
  </datafield>
  <datafield tag="650" ind1=" " ind2="0">
    <subfield code="a">In&#x17C;ynieria powierzchni</subfield>
  </datafield>
  <datafield tag="700" ind1="1" ind2=" ">
    <subfield code="a">TOMKOWSKI, Robert.</subfield>
    <subfield code="d">2008 - .</subfield>
    <subfield code="b">Politechnika Koszali&#x144;ska - Wydzia&#x142; Mechaniczny,</subfield>
    <subfield code="c">Katedra Mechaniki Precyzyjnej</subfield>
  </datafield>
  <datafield tag="711" ind1="2" ind2="2">
    <subfield code="a">Naukowa Szko&#x142;a Obr&#xF3;bki &#x15A;ciernej</subfield>
    <subfield code="n">(32 ;</subfield>
    <subfield code="d">2009 ;</subfield>
    <subfield code="c">Koszalin, Polska)</subfield>
  </datafield>
  <datafield tag="773" ind1="0" ind2=" ">
    <subfield code="i">W :</subfield>
    <subfield code="t">Wsp&#xF3;&#x142;czesne problemy obr&#xF3;bki &#x15B;ciernej / pod red. Jaros&#x142;awa Plichty. -</subfield>
    <subfield code="d">Koszalin : Wydaw. Uczelniane Politechniki Koszali&#x144;skiej, 2009. -</subfield>
    <subfield code="g">s. 225-234</subfield>
    <subfield code="k">Monografia Wydzia&#x142;u Mechanicznego / Politechnika Koszali&#x144;ska ; nr 167</subfield>
  </datafield>
  <datafield tag="942" ind1=" " ind2=" ">
    <subfield code="c">ROZ</subfield>
    <subfield code="2">UKD</subfield>
  </datafield>
  <datafield tag="999" ind1=" " ind2=" ">
    <subfield code="c">1685</subfield>
    <subfield code="d">1685</subfield>
  </datafield>
  <datafield tag="952" ind1=" " ind2=" ">
    <subfield code="0">0</subfield>
    <subfield code="1">0</subfield>
    <subfield code="4">0</subfield>
    <subfield code="7">0</subfield>
    <subfield code="a">BPK</subfield>
    <subfield code="b">BPK</subfield>
    <subfield code="o">92282</subfield>
    <subfield code="y">ROZ</subfield>
  </datafield>
</record>
